Normal view
MARC view
- سلطان ، خالد رمضان عبدالعال
Entry Personal Name
001 - CONTROL NUMBER
- control field: 32299
003 - CONTROL NUMBER IDENTIFIER
- control field: JO-AjAnu
005 - DATE AND TIME OF LATEST TRANSACTION
- control field: 20230606075429.0
008 - FIXED-LENGTH DATA ELEMENTS
- fixed length control field: 230606|| aca||aabn | a|a d
040 ## - CATALOGING SOURCE
- Original cataloging agency: JO-AjAnu
- Transcribing agency: JO-AjAnu
100 ## - HEADING--PERSONAL NAME
- Personal name: سلطان ، خالد رمضان عبدالعال
670 ## - SOURCE DATA FOUND
- Source citation: Work cat.: (JO-AjAnu)16591: سلطان ، خالد رمضان عبدالعال , author, الحق في الصمت اثناء التحقيقات الجنائية " دراسة مقارنة "